00638cam a2200193Ia 4500020001500000020001800015020001800033082001400051100003600065245003600101260005600137490002400193500005500217650002300272650004700295700002300342700001900365856006000384 a0854046704 a9780854046706 a9781847557803 a547.1 CHE aChemical kinetics and mechanism00aChemical kinetics and mechanism aCambridge, UK :bRoyal Society of Chemistry,c2002.0 aThe molecular world aPublished in association with the Open University. 0aChemical kinetics. 0aChemical reaction, Conditions and laws of.1 aMortimer, Michael,1 aTaylor, Peter.40uhttp://www.columbia.edu/cgi-bin/cul/resolve?clio7916559